เปลี่ยนเป็นภาษาไทย

Change to English
 แสดงรายละเอียดบรรณานุกรม
  กลับหน้าหลัก

Brief Record : Get Marc (ISO 2709) : E-mail record : QR code กลับ
E-books : เกี่ยวกับ Collections
LEADER 00000nam 2200000uu 4500
001    13399128834
003     BCNR
008    260703s2565||||th 000 0 tha d
020    ^a9786160454150
041    ^atha
060  4 ^aWW140^bฮ456จ 2565
100 0  ^aฮิระมะสึ, รุอิ
245 00 ^aจักษุแพทย์แนะนำ ทำอย่างไรไม่ให้สายตาเสื่อม /^cRui Hiramatsu, เขียน ; วิธารณี จงสถิตย์วัฒนา, แปล
246 30 ^aไขข้อข้องใจพร้อมรับคำแนะนำวิธีดูแลรักษาดวงตาของคุณเหมือนได้พูดคุยกับแพทย์ในห้องตรวจ
250    ^aพิมพ์ครั้งที่ 1
260    ^aกรุงเทพฯ :^bนานมีบุ๊คส์,^c2565
300    ^a154 หน้า :^bภาพประกอบ ;^c21 ซม.
505 0  ^aช่วยอธิบายเกี่ยวกับอาการผิดปกติของตาและอาการตาเสื่อมตามวัยให้ที ! -- โรคต้อกระจก โรคต้อหิน และโรคน่ากลัวอื่น ๆ ที่อาจส่งผลให้ตาบอด -- วิธีดูแลรักษาตาให้มองเห็นไปจนอายุ 100 ปี
650  4 ^aตา^xการดูแลและสุขวิทยา
650  4 ^aสายตา^xการดูแล
650  4 ^aตา
650  4 ^aตา^xโรค
700 0  ^aวิธารณี จงสถิตย์วัฒนา,^eแปล
700 1  ^aHiramatsu, Rui, 1978- : Kanja ga taenai charisma gankai ga yatteiru shitsumei shinai shukan
999    ^aบรรณารักษ์
รายการนี้ยังไม่มีแท็ก
คุณยังไม่ได้ล็อกอิน คุณสามารถมีกิจกรรมร่วมกับเว็บไซต์ได้ แต่ต้องล็อกอินก่อน ::
  ล็อกอิน
ลำดับที่ ประเภท เลขเรียก/บาร์โค้ด สถานที่ สถานะ
1. หนังสือ
หนังสือ
WW140 ฮ456จ 2565 c.1 
  Barcode: 088094
ห้องสมุดสาขาหลัก
►หนังสือทั่วไป
On Shelf
2. หนังสือ
หนังสือ
WW140 ฮ456จ 2565 c.2 
  Barcode: 088095
ห้องสมุดสาขาหลัก
►หนังสือทั่วไป
On Shelf
3. หนังสือ
หนังสือ
WW140 ฮ456จ 2565 c.3 
  Barcode: 088096
ห้องสมุดสาขาหลัก
►หนังสือทั่วไป
On Shelf
   [แสดง 3/3 รายการ]

รายการใกล้เคียง
    หัวเรื่อง [ตา การดูแลและสุขวิทยา]
    หัวเรื่อง [ตา]
    หัวเรื่อง [ตา โรค]

BibComment


ยังไม่เคยถูกคอมเมนท์

คอมเมนท์ทรัพยากรรายการนี้
  คอมเมนท์: จักษุแพทย์แนะนำ ..
Bib 13399128834

 
 
 

 Union Library Management : ULibM
Copyright 2026. All Rights Reserved.